logo

NOTIZIARIO STORICO DELL ARMA DEI CARABINIERI RACCOLTA ANNO II - 2017 (Record no. 67987)

MARC details
000 -CABECERA
campo de control de longitud fija 00458nam a2200181Ia 4500
001 - NÚMERO DE CONTROL
campo de control 32651
005 - FECHA Y HORA DE LA ÚLTIMA TRANSACCIÓN
campo de control 20260407100326.0
008 - CÓDIGOS DE INFORMACIÓN DE LONGITUD FIJA
campo de control de longitud fija 260115s9999 xx 000 0 und d
010 ## - NÚMERO DE CONTROL DE LA BIBLIOTECA DEL CONGRESO
Número de control de LC 67987
035 ## - NÚMERO DE CONTROL DEL SISTEMA
Número de control de sistema 22225
090 ## - LOCALMENTE ASIGNADO TIPO-LC NÚMERO DE CLASIFICACIÓN (OCLC); NÚMERO DE CLASIFICACIÓN LOCAL (RLIN)
Número de clasificación (OCLC) (R) ; Numero de clasificación CALL (RLIN) (NR) 355.1
100 ## - PUNTO DE ACCESO PRINCIPAL - NOMBRE DE PERSONA
Nombre de persona ARMA DI CARABIBIERI
245 #0 - MENCIÓN DE TÍTULO
Título NOTIZIARIO STORICO DELL ARMA DEI CARABINIERI RACCOLTA ANNO II - 2017
260 ## - PUBLICACIÓN, DISTRIBUCIÓN, ETC. (PIE DE IMPRENTA)
Nombre del editor distribuidor etc. SITIGRAFICA
Fecha de publicación distribución etc. 2017
630 ## - PUNTO DE ACCESO ADICIONAL DE MATERIA--TÍTULO UNIFORME
Título uniforme CARABINIROS DE ITALIA
650 ## - PUNTO DE ACCESO ADICIONAL DE MATERIA--TÉRMINO DE MATERIA
Término de materia o nombre geográfico como elemento inicial HISTORIA
942 ## - ELEMENTOS DE PUNTO DE ACCESO ADICIONAL (KOHA)
Tipo de ítem Koha Monografías
Holdings
Estado de retiro Estado de pérdida Estado dañado No para préstamo Código de colección Localización permanente Ubicación/localización actual Ubicación en estantería Fecha de adquisición Enumeración/cronología de publicación seriada Número de inventario Número de registro Total de préstamos Signatura topográfica completa Código de barras Fecha visto por última vez Número de copia Precio válido a partir de Tipo de ítem Koha Nota pública
          Servicio de Estudios Históricos Servicio de Estudios Históricos   18/08/2022 355.1 29548 29548   22225 FH_32651 05/02/2026 1 05/02/2026 Monografías DONACIÓN, 28,5X23,5